| 000 | 00727nam a22002417a 4500 | ||
|---|---|---|---|
| 001 | 68278 | ||
| 003 | UA-OsUOA | ||
| 005 | 20211024172106.0 | ||
| 007 | ta | ||
| 008 | 20100414b un ||||| |||| 00| 0 ukr d | ||
| 020 | _a978-966-580-236-5 | ||
| 040 |
_aUA-OsUOA _bukr _cUA-OsUOA _dUA-OsUOA |
||
| 041 | _aukr | ||
| 080 | _a57(075.8) | ||
| 090 |
_a57(075.8) _bБ67 |
||
| 245 |
_aБіологія: тести 6–11 класи _bпосібник _cОмельковець Я. А., Журавльов О. А. |
||
| 260 |
_aК. _bАкадемія _c2007 |
||
| 300 | _a400 с. | ||
| 650 | 7 |
_a57 Біологічні науки в цілому _2UDC |
|
| 942 |
_cBK _2udc |
||
| 955 | _a2 | ||
| 999 |
_c354479 _d354479 |
||